[Event "Asia-ch U20 Girls"]
[Site "Waskaduwa"]
[Date "2025.07.03"]
[Round "9"]
[White "Sneha, Halder"]
[Black "Mrittika, Mallick"]
[Result "0-1"]
[WhiteElo "2088"]
[BlackElo "2054"]
[PlyCount "88"]
[EventDate "2025.06.27"]
[EventType "swiss"]
[EventRounds "9"]
[EventCountry "SRI"]
[SourceTitle "CB28_2025"]
[SourceDate "2025.07.09"]
[SourceVersion "1"]
[SourceVersionDate "2025.07.09"]
[SourceQuality "1"]

1. c4 e6 2. Nc3 d5 3. d4 Nf6 4. Bf4 Bd6 5. Bg3 0-0 6. e3 b6 7. Nf3 Bb7 8. cxd5 exd5 9. Bd3 Re8 10. 0-0 Bxg3 11. hxg3 Nbd7 12. Rc1 a6 13. Bf5 g6 14. Bxd7 Nxd7 15. Nh2 Nf8 16. Qd3 Qe7 17. Rce1 Rad8 18. f4 Nd7 19. Ng4 Nf6 20. Nxf6+ Qxf6 21. Nd1 Kg7 22. Nf2 h5 23. Rc1 Re7 24. Rc3 Rde8 25. Rfc1 c5 26. Qd2 c4 27. a4 b5 28. axb5 axb5 29. Ra3 Qb6 30. b4 Bc8 31. Nd1 Qd6 32. Ra5 Bg4 33. Nc3 Rxe3 34. Nxb5 Qb6 35. Nc3 Rd3 36. Qf2 Rxc3 37. Rxc3 Re2 38. Qxe2 Bxe2 39. Rxd5 Qxb4 40. Re3 Qd2 41. Rde5 Qxd4 42. Kh2 Bd3 43. Re1 Qf2 44. Re7 Bf1 0-1

[Event "Asia-ch U20 Girls"]
[Site "Waskaduwa"]
[Date "2025.06.30"]
[Round "6"]
[White "Mikheeva, Galina"]
[Black "Sneha, Halder"]
[Result "1/2-1/2"]
[WhiteElo "2190"]
[BlackElo "2088"]
[PlyCount "63"]
[EventDate "2025.06.27"]
[EventType "swiss"]
[EventRounds "9"]
[EventCountry "SRI"]
[SourceTitle "CB28_2025"]
[SourceDate "2025.07.09"]
[SourceVersion "1"]
[SourceVersionDate "2025.07.09"]
[SourceQuality "1"]

1. e4 d5 2. exd5 Qxd5 3. Nc3 Qd8 4. d4 Nf6 5. Nf3 Bg4 6. Bc4 e6 7. h3 Bxf3 8. Qxf3 c6 9. Be3 Bb4 10. 0-0 Nbd7 11. Ne2 0-0 12. Rad1 Nd5 13. Bd3 Nxe3 14. fxe3 Qh4 15. Rf2 Rad8 16. Rdf1 Be7 17. g3 Qh6 18. h4 Nb6 19. c3 e5 20. Qe4 Nd5 21. Rf3 exd4 22. Nxd4 g6 23. Bc4 Bc5 24. Bxd5 Rxd5 25. Qf4 Qxf4 26. Rxf4 Rd7 27. Kf2 Re8 28. Ke2 Bf8 29. Rd1 Bh6 30. Rf3 Rde7 31. Nc2 f5 32. Rd6 1/2-1/2

[Event "Wch U20 Girls 41st"]
[Site "Petrovac"]
[Date "2025.03.07"]
[Round "11"]
[White "Li, Anna Sofie"]
[Black "Sneha, Halder"]
[Result "0-1"]
[WhiteElo "2016"]
[BlackElo "2065"]
[PlyCount "78"]
[EventDate "2025.02.25"]
[EventType "swiss"]
[EventRounds "11"]
[EventCountry "MNE"]
[SourceTitle "CB11_2025"]
[SourceDate "2025.03.12"]
[SourceVersion "1"]
[SourceVersionDate "2025.03.12"]
[SourceQuality "1"]

1. e4 c6 2. d4 d5 3. exd5 cxd5 4. Bd3 Nc6 5. c3 Nf6 6. Bf4 g6 7. Nf3 Bg7 8. Nbd2 0-0 9. Ne5 Nh5 10. Nxc6 bxc6 11. Be3 Rb8 12. Nb3 Qc7 13. Qd2 e5 14. 0-0-0 Nf4 15. Bxf4 exf4 16. Rde1 f3 17. gxf3 Bh3 18. Reg1 Qe7 19. Qf4 Rfe8 20. Rg3 Be6 21. h4 Qf8 22. Kb1 Bh6 23. Qc7 Rec8 24. Qe5 Bg7 25. Qe2 Re8 26. Qc2 Qd6 27. h5 Qf4 28. hxg6 fxg6 29. Nc5 Bf7 30. Rgh3 Re7 31. a3 h5 32. Bxg6 Bxg6 33. Qxg6 Re2 34. Ka1 Rbxb2 35. Qxg7+ Kxg7 36. Ne6+ Rxe6 37. Kxb2 Re2+ 38. Kb3 Qb8+ 39. Ka4 Qb5# 0-1

[Event "Wch U20 Girls 41st"]
[Site "Petrovac"]
[Date "2025.03.05"]
[Round "9"]
[White "Guo, Hanxi"]
[Black "Sneha, Halder"]
[Result "1-0"]
[WhiteElo "1854"]
[BlackElo "2065"]
[PlyCount "173"]
[EventDate "2025.02.25"]
[EventType "swiss"]
[EventRounds "11"]
[EventCountry "MNE"]
[SourceTitle "CB11_2025"]
[SourceDate "2025.03.12"]
[SourceVersion "1"]
[SourceVersionDate "2025.03.12"]
[SourceQuality "1"]

1. e4 e6 2. d4 d5 3. e5 c5 4. c3 Nc6 5. Nf3 Qb6 6. a3 f6 7. Bd3 fxe5 8. Nxe5 Nf6 9. 0-0 Be7 10. b4 cxd4 11. cxd4 0-0 12. Be3 Bd7 13. Nc3 Be8 14. Rc1 Qd8 15. f4 Bh5 16. Qc2 Rc8 17. h3 a5 18. b5 Nxe5 19. fxe5 Ne4 20. Bxe4 Rxf1+ 21. Rxf1 dxe4 22. Qb3 Qd7 23. d5 a4 24. Nxa4 Qxd5 25. Qxd5 exd5 26. Nb6 Rd8 27. Bd4 Be2 28. Rb1 Bxa3 29. Ra1 Bb4 30. e6 Kf8 31. Ra4 Be7 32. Ra7 Bxb5 33. Rxb7 Ke8 34. Kf2 h5 35. g4 hxg4 36. hxg4 Bh4+ 37. Ke3 Bg5+ 38. Kf2 Bh4+ 39. Kg2 e3 40. Rxg7 Rd6 41. Rg8+ Ke7 42. Nc8+ Kxe6 43. Rg6+ Kf7 44. Rxd6 e2 45. Bc3 e1Q 46. Bxe1 Bxe1 47. Kf3 Bc3 48. Na7 Bc4 49. Nc6 Bb2 50. g5 Bc3 51. Kg3 Kg7 52. Kf3 Kf7 53. g6+ Kg7 54. Ne7 Bf6 55. Nxd5 Bxd5+ 56. Rxd5 Kxg6 57. Kf4 Be7 58. Ke5 Bf6+ 59. Ke6 Bg5 60. Rd1 Be3 61. Re1 Bc5 62. Re2 Bd4 63. Rg2+ Kh5 64. Kf5 Kh6 65. Rg6+ Kh7 66. Rd6 Bb2 67. Kg5 Bc1+ 68. Kf6 Kh6 69. Rd1 Bb2+ 70. Kf5 Kg7 71. Rd7+ Kh6 72. Rd6+ Kh7 73. Rd1 Kg7 74. Rg1+ Kh7 75. Kg5 Kg7 76. Rb1 Bf6+ 77. Kf5 Bc3 78. Rg1+ Kh7 79. Rg6 Bb2 80. Kg5 Bc1+ 81. Kf6 Be3 82. Kf7 Ba7 83. Ra6 Bb8 84. Ra8 Bc7 85. Rc8 Bf4 86. Rc4 Bg5 87. Rc3 1-0

[Event "Wch U20 Girls 41st"]
[Site "Petrovac"]
[Date "2025.03.04"]
[Round "8"]
[White "Sneha, Halder"]
[Black "Blauhut, Anna"]
[Result "1-0"]
[WhiteElo "2065"]
[BlackElo "1837"]
[PlyCount "36"]
[EventDate "2025.02.25"]
[EventType "swiss"]
[EventRounds "11"]
[EventCountry "MNE"]
[SourceTitle "CB11_2025"]
[SourceDate "2025.03.12"]
[SourceVersion "1"]
[SourceVersionDate "2025.03.12"]
[SourceQuality "1"]

1. c4 e6 2. g3 d5 3. Bg2 Nf6 4. e3 c5 5. cxd5 exd5 6. Ne2 Nc6 7. d3 Be7 8. 0-0 0-0 9. Nbc3 Re8 10. Nf4 d4 11. Ne4 Ng4 12. h3 Nge5 13. Nd5 Bf8 14. f4 Be6 15. Ndf6+ gxf6 16. fxe5 f5 17. Nf6+ Kh8 18. Qh5 h6 1-0

[Event "Wch U20 Girls 41st"]
[Site "Petrovac"]
[Date "2025.03.03"]
[Round "7"]
[White "Karacsonyi, Kata"]
[Black "Sneha, Halder"]
[Result "1-0"]
[WhiteElo "2191"]
[BlackElo "2065"]
[PlyCount "121"]
[EventDate "2025.02.25"]
[EventType "swiss"]
[EventRounds "11"]
[EventCountry "MNE"]
[SourceTitle "CB11_2025"]
[SourceDate "2025.03.12"]
[SourceVersion "1"]
[SourceVersionDate "2025.03.12"]
[SourceQuality "1"]

1. e4 c6 2. d4 d5 3. e5 Bf5 4. Bd3 Bxd3 5. Qxd3 e6 6. Ne2 Nd7 7. c3 c5 8. Nd2 Ne7 9. 0-0 Nc6 10. Qg3 g6 11. Nf3 Be7 12. h4 Qb6 13. Qf4 h6 14. Rb1 Qa6 15. Re1 Qd3 16. Be3 g5 17. hxg5 hxg5 18. Nxg5 Qg6 19. Ng3 cxd4 20. cxd4 Nb4 21. Red1 Nd3 22. Qxf7+ Qxf7 23. Nxf7 Kxf7 24. Rxd3 Rac8 25. Rc1 Nb6 26. b3 Ba3 27. Rxc8 Rxc8 28. f4 Kg6 29. Kf2 Rc2+ 30. Rd2 Rc6 31. Re2 Na8 32. Nf1 Nc7 33. Nd2 Nb5 34. Nb1 Bc1 35. a4 Bxe3+ 36. Kxe3 Rc1 37. Rb2 Nc3 38. Kd2 Rxb1 39. Rxb1 Nxb1+ 40. Kc2 Kf5 41. g3 Na3+ 42. Kb2 Ke4 43. Kxa3 Kxd4 44. f5 Kxe5 45. fxe6 Kxe6 46. Kb4 Ke5 47. Kc3 Ke4 48. Kd2 Kf3 49. Kd3 Kxg3 50. b4 Kf3 51. b5 Kf2 52. a5 a6 53. b6 Ke1 54. Kd4 Kd2 55. Kxd5 Kc3 56. Kd6 Kb4 57. Kc7 Kxa5 58. Kxb7 Kb5 59. Kc7 a5 60. b7 Ka4 61. b8Q 1-0

[Event "Wch U20 Girls 41st"]
[Site "Petrovac"]
[Date "2025.03.01"]
[Round "5"]
[White "Sneha, Halder"]
[Black "Morales Perez, Ghisell Gabriela"]
[Result "1-0"]
[WhiteElo "2065"]
[BlackElo "1902"]
[PlyCount "79"]
[EventDate "2025.02.25"]
[EventType "swiss"]
[EventRounds "11"]
[EventCountry "MNE"]
[SourceTitle "CB11_2025"]
[SourceDate "2025.03.12"]
[SourceVersion "1"]
[SourceVersionDate "2025.03.12"]
[SourceQuality "1"]

1. d4 Nf6 2. Nf3 c5 3. e3 e6 4. Bd3 Nc6 5. b3 b6 6. Bb2 Bb7 7. 0-0 d5 8. Nbd2 cxd4 9. exd4 Bd6 10. Ne5 0-0 11. a3 Ne7 12. Qe2 Nd7 13. f4 Bxe5 14. fxe5 Ng6 15. Rf3 Qe7 16. Raf1 Rae8 17. Rh3 h6 18. Bc1 f5 19. Nf3 Rf7 20. Ne1 Ndf8 21. Qh5 Rc8 22. Nf3 Qe8 23. g4 Ne7 24. Ng5 Bc6 25. Nxf7 Qxf7 26. Qh4 Nfg6 27. Qg3 Bd7 28. g5 h5 29. Rxh5 Nxe5 30. Qh3 N5g6 31. Qf3 Be8 32. Rh3 Bd7 33. Qh5 Kf8 34. a4 Ke8 35. Ba3 Kd8 36. c4 Nc6 37. cxd5 exd5 38. Ba6 Ra8 39. Rc3 Nxd4 40. Qd1 1-0

[Event "Asia-ch U18 Girls"]
[Site "Tagaytay City"]
[Date "2024.10.14"]
[Round "3"]
[White "Luong, Hoang Tu Linh"]
[Black "Sneha, Halder"]
[Result "0-1"]
[WhiteElo "1907"]
[BlackElo "2063"]
[PlyCount "60"]
[EventDate "2024.10.13"]
[EventType "swiss"]
[EventRounds "9"]
[EventCountry "PHI"]
[SourceTitle "CB43_2024"]
[Source "Chessbase"]
[SourceDate "2024.10.23"]
[SourceVersion "1"]
[SourceVersionDate "2024.10.23"]
[SourceQuality "1"]

1. d4 d5 2. c4 e6 3. Nc3 c6 4. e3 f5 5. Nf3 Nf6 6. g3 Bd6 7. Bg2 0-0 8. 0-0 Nbd7 9. Qd3 Ne4 10. b3 b6 11. cxd5 exd5 12. Bb2 Qe7 13. Rac1 Bb7 14. Rc2 g5 15. Nd2 Rae8 16. Re1 Nb8 17. Nf1 Na6 18. Rcc1 Ba3 19. Bxa3 Qxa3 20. Qe2 Nb4 21. Nxe4 fxe4 22. Qh5 Nd3 23. Qxg5+ Kh8 24. Rcd1 Nxe1 25. Rxe1 Qxa2 26. Rc1 Qxf2+ 27. Kh1 Ba6 28. Ra1 Rf5 29. Qh6 Ref8 30. h3 Bxf1 0-1

[Event "Kolkata St Xavier College op"]
[Site "Kolkata"]
[Date "2024.08.26"]
[Round "9"]
[White "Sneha, Halder"]
[Black "Soham, Roy1"]
[Result "1-0"]
[WhiteElo "1806"]
[BlackElo "1863"]
[PlyCount "121"]
[EventDate "2024.08.24"]
[EventType "swiss (rapid)"]
[EventRounds "11"]
[EventCountry "IND"]
[SourceTitle "CBM 221 Extra"]
[Source "ChessBase"]
[SourceDate "2024.09.30"]
[SourceVersion "1"]
[SourceVersionDate "2024.09.30"]
[SourceQuality "1"]

1. c4 Nf6 2. Nc3 g6 3. e4 d6 4. d3 Bg7 5. g3 0-0 6. Bg2 e5 7. Nge2 c5 8. 0-0 h5 9. h3 Nc6 10. Bg5 Qd7 11. Qd2 Nh7 12. Bh6 f5 13. exf5 gxf5 14. Bxg7 Qxg7 15. f4 Be6 16. Qe3 Nd4 17. Qf2 a6 18. fxe5 dxe5 19. Kh2 Kh8 20. Na4 Rac8 21. Nxd4 cxd4 22. b4 b5 23. Nc5 Bg8 24. cxb5 axb5 25. Qe2 h4 26. gxh4 e4 27. Rf4 Rc7 28. Raf1 exd3 29. Qf2 Ra7 30. Qxd4 Qxd4 31. Rxd4 Rxa2 32. Nxd3 Bc4 33. Rf2 Rxf2 34. Nxf2 Nf6 35. Nd1 Re8 36. Nb2 Be2 37. Nd3 Bxd3 38. Rxd3 Kg7 39. Bf3 Rc8 40. Rd4 Kg6 41. Kg3 Rc3 42. Kf4 Rb3 43. h5+ Nxh5+ 44. Bxh5+ Kxh5 45. Kxf5 Rxh3 46. Rd5 Kh6 47. Ke6 Kg6 48. Rxb5 Rb3 49. Kd5 Kf7 50. Kc4 Rb1 51. Re5 Rc1+ 52. Kb5 Rc8 53. Ka6 Ra8+ 54. Kb7 Ra4 55. b5 Kf6 56. Re2 Rc4 57. b6 Rb4 58. Kc7 Rc4+ 59. Kb8 Rb4 60. b7 Rb1 61. Rc2 1-0

[Event "Kolkata St Xavier College op"]
[Site "Kolkata"]
[Date "2024.08.25"]
[Round "5"]
[White "Sneha, Halder"]
[Black "Mani, Sarbartho"]
[Result "0-1"]
[WhiteElo "1806"]
[BlackElo "1663"]
[PlyCount "128"]
[EventDate "2024.08.24"]
[EventType "swiss (rapid)"]
[EventRounds "11"]
[EventCountry "IND"]
[SourceTitle "CBM 221 Extra"]
[Source "ChessBase"]
[SourceDate "2024.09.30"]
[SourceVersion "1"]
[SourceVersionDate "2024.09.30"]
[SourceQuality "1"]

1. f4 d5 2. Nf3 g6 3. e3 Bg7 4. d4 e6 5. Bd3 Ne7 6. 0-0 0-0 7. c3 b6 8. Nbd2 c5 9. Ne5 Nbc6 10. Ndf3 Bb7 11. Bd2 Rc8 12. Be1 f6 13. Nxc6 Bxc6 14. g4 Qd7 15. Bg3 Bb5 16. a4 Bxd3 17. Qxd3 c4 18. Qc2 Rfe8 19. Rae1 f5 20. g5 Nc6 21. h4 Kf7 22. h5 a6 23. Kg2 Rh8 24. Rh1 b5 25. Nh4 b4 26. Qe2 b3 27. Rh2 Rcg8 28. Qf3 Qe8 29. Reh1 Ne7 30. Ra1 a5 31. Qe2 Nc8 32. Nf3 Nd6 33. Nd2 Qc6 34. Bf2 Qe8 35. Rh3 Ke7 36. Rh2 Kd7 37. Nb1 Ne4 38. Nd2 Nxd2 39. Qxd2 h6 40. Rah1 hxg5 41. fxg5 gxh5 42. Qe2 Bf6 43. Rxh5 Rxh5 44. Rxh5 Qxh5 45. Qxh5 Rxg5+ 46. Qxg5 Bxg5 47. Kf3 Be7 48. Ke2 Ba3 49. Kd2 Bxb2 50. Bg3 Ba3 51. Bf4 Bd6 52. Bg5 Bc7 53. Bf6 Ke8 54. Bg5 Kf7 55. Bh6 Kg6 56. Bf8 Kh5 57. Ba3 Kg4 58. Ke2 f4 59. exf4 Kxf4 60. Kd2 Ke4 61. Ke2 e5 62. dxe5 Bxe5 63. Kd2 Bf4+ 64. Ke2 d4 0-1

[Event "IND-ch U17 Girls 34th"]
[Site "Chandigarh"]
[Date "2024.07.23"]
[Round "11"]
[White "Sneha, Halder"]
[Black "Cera, Dagaria"]
[Result "1/2-1/2"]
[WhiteElo "2013"]
[BlackElo "1761"]
[PlyCount "83"]
[EventDate "2024.07.15"]
[EventType "swiss"]
[EventRounds "11"]
[EventCountry "IND"]
[SourceTitle "CBM 221 Extra"]
[Source "ChessBase"]
[SourceDate "2024.09.30"]
[SourceVersion "1"]
[SourceVersionDate "2024.09.30"]
[SourceQuality "1"]

1. c4 Nf6 2. Nc3 g6 3. d4 Bg7 4. e4 d6 5. f4 e5 6. dxe5 dxe5 7. Qxd8+ Kxd8 8. fxe5 Ng4 9. Bg5+ Ke8 10. Rd1 Bd7 11. h3 f6 12. Bh4 Nxe5 13. Nd5 Kd8 14. Nxf6 Kc8 15. Nf3 Nxf3+ 16. gxf3 Be6 17. f4 Nc6 18. Be2 Bh6 19. Nd5 Re8 20. e5 b6 21. Bf3 g5 22. Nf6 Kb7 23. fxg5 Bg7 24. b3 Red8 25. Kf2 a6 26. Bg3 h6 27. h4 Rf8 28. Kg2 Rh8 29. Nh5 Bf8 30. Nf4 Bf5 31. Ne2 Bc5 32. b4 Be3 33. b5 axb5 34. cxb5 Rxa2 35. bxc6+ Kb8 36. Ra1 Rxa1 37. Rxa1 hxg5 38. hxg5 Bh3+ 39. Kh2 Bg4+ 40. Kg2 Bh3+ 41. Kh2 Bg4+ 42. Kg2 1/2-1/2

[Event "IND-ch U17 Girls 34th"]
[Site "Chandigarh"]
[Date "2024.07.21"]
[Round "9"]
[White "Falak, Joni Naik"]
[Black "Sneha, Halder"]
[Result "0-1"]
[WhiteElo "1573"]
[BlackElo "2013"]
[PlyCount "76"]
[EventDate "2024.07.15"]
[EventType "swiss"]
[EventRounds "11"]
[EventCountry "IND"]
[SourceTitle "CBM 221 Extra"]
[Source "ChessBase"]
[SourceDate "2024.09.30"]
[SourceVersion "1"]
[SourceVersionDate "2024.09.30"]
[SourceQuality "1"]

1. d4 f5 2. e3 Nf6 3. Nd2 e6 4. f4 Be7 5. Ngf3 0-0 6. b3 b6 7. Bb2 Bb7 8. Bd3 Nd5 9. Qe2 Nb4 10. a3 Nxd3+ 11. cxd3 d6 12. 0-0-0 a5 13. h3 a4 14. b4 c5 15. dxc5 dxc5 16. bxc5 Bxc5 17. g4 Qe7 18. Nb1 Rc8 19. Kd2 b5 20. gxf5 exf5 21. Rhg1 g6 22. Ne5 Ra6 23. h4 Qxh4 24. Rg5 Be7 25. Rdg1 Bxg5 26. Rxg5 Qh1 27. Nc3 b4 28. Nd1 Bd5 29. Nc4 Bxc4 30. dxc4 Rd6+ 31. Bd4 Nc6 32. c5 Nxd4 33. exd4 Rxd4+ 34. Kc2 Qxd1+ 35. Qxd1 Rxc5+ 36. Kb2 Rxd1 37. axb4 Rb5 38. Ka3 Rb1 0-1

[Event "IND-ch U17 Girls 34th"]
[Site "Chandigarh"]
[Date "2024.07.15"]
[Round "1"]
[White "Sneha, Halder"]
[Black "Anandhi, P."]
[Result "1-0"]
[WhiteElo "2013"]
[BlackElo "1541"]
[PlyCount "107"]
[EventDate "2024.07.15"]
[EventType "swiss"]
[EventRounds "11"]
[EventCountry "IND"]
[SourceTitle "CBM 221 Extra"]
[Source "ChessBase"]
[SourceDate "2024.09.30"]
[SourceVersion "1"]
[SourceVersionDate "2024.09.30"]
[SourceQuality "1"]

1. g3 d5 2. Bg2 Nf6 3. Nf3 Bg4 4. b3 e6 5. Bb2 h6 6. 0-0 Be7 7. Ne5 Bf5 8. d3 Nbd7 9. Nxd7 Qxd7 10. Nd2 Rd8 11. e3 0-0 12. f4 Ng4 13. Qe2 Bf6 14. d4 Be7 15. h3 Nf6 16. c4 Bb4 17. Nf3 Ne4 18. Kh2 f6 19. Rfc1 b6 20. c5 bxc5 21. a3 Ba5 22. dxc5 c6 23. Nd4 Rc8 24. b4 Bd8 25. a4 e5 26. Nxf5 Qxf5 27. g4 Qd7 28. Rd1 Qf7 29. f5 Ng5 30. h4 Nh7 31. e4 d4 32. Qa6 Qc7 33. Bf1 Re8 34. Bc4+ Kh8 35. Kg2 Rb8 36. Ba3 Be7 37. Rab1 Nf8 38. Bd3 Nd7 39. Rh1 Rb7 40. Bc1 Nb8 41. Qc4 Qd8 42. Bd2 Nd7 43. Kf2 Nf8 44. b5 cxb5 45. axb5 Rc7 46. c6 Rc8 47. Ra1 Qd6 48. g5 h5 49. Qf7 Nh7 50. Qxh5 Kg8 51. g6 Nf8 52. Bc4+ Ne6 53. Qh7+ Kf8 54. Qh8# 1-0

[Event "Asia-ch U18 Girls"]
[Site "Al Ain"]
[Date "2023.12.20"]
[Round "8"]
[White "Sneha, Halder"]
[Black "Kaliakhmet, Elnaz"]
[Result "0-1"]
[WhiteElo "1766"]
[BlackElo "2068"]
[PlyCount "148"]
[EventDate "2023.12.14"]
[EventType "swiss"]
[EventRounds "9"]
[EventCountry "UAE"]
[SourceTitle "EXT 2025"]
[Source "ChessBase"]
[SourceDate "2024.10.14"]
[SourceVersion "1"]
[SourceVersionDate "2024.10.14"]
[SourceQuality "1"]

1. Nf3 d5 2. b3 Nf6 3. Bb2 e6 4. e3 Be7 5. Ne5 0-0 6. f4 c5 7. d3 Nfd7 8. Nf3 Nc6 9. Be2 Bf6 10. d4 Qc7 11. c3 Rb8 12. 0-0 b5 13. Na3 a6 14. Nc2 a5 15. g4 b4 16. g5 Be7 17. Qe1 Qa7 18. c4 dxc4 19. bxc4 cxd4 20. Ncxd4 Nxd4 21. Nxd4 Bb7 22. Qh4 Be4 23. Bf3 Bg6 24. Rae1 Rbe8 25. Nc6 Qb6 26. Nxe7+ Rxe7 27. Bd4 Qc7 28. Bh5 Qxc4 29. Rf3 Rc8 30. Bxg6 fxg6 31. Rf2 a4 32. Qg4 e5 33. fxe5 Nxe5 34. Qe4 Nc6 35. Rc2 Rxe4 36. Rxc4 Rce8 37. Rb1 Nxd4 38. exd4 Re1+ 39. Rxe1 Rxe1+ 40. Kf2 Rb1 41. Ke3 a3 42. Rc2 Rb2 43. Kd3 Rb1 44. Kc4 Rb2 45. Kd3 Rb1 46. Kc4 Kf7 47. h4 Ke6 48. Re2+ Kd6 49. Re3 Rb2 50. Rh3 Rxa2 51. Kxb4 Kd5 52. Kb3 Ra1 53. h5 Kxd4 54. hxg6 hxg6 55. Rg3 Ke4 56. Rg2 Kf3 57. Rd2 Rg1 58. Rd5 Ke4 59. Rc5 Rg3+ 60. Ka2 Kf4 61. Rb5 Rxg5 62. Rb4+ Kf3 63. Rb3+ Kf2 64. Rxa3 Rb5 65. Ra7 g5 66. Rxg7 Kf3 67. Ka3 g4 68. Ka4 Rb8 69. Rf7+ Kg2 70. Rg7 g3 71. Rg6 Kf2 72. Rf6+ Kg1 73. Rg6 g2 74. Ka3 Rf8 0-1

[Event "Asia-ch U18 Girls"]
[Site "Al Ain"]
[Date "2023.12.17"]
[Round "5"]
[White "Vuong, Quynh Anh"]
[Black "Sneha, Halder"]
[Result "0-1"]
[WhiteElo "1869"]
[BlackElo "1766"]
[PlyCount "68"]
[EventDate "2023.12.14"]
[EventType "swiss"]
[EventRounds "9"]
[EventCountry "UAE"]
[SourceTitle "EXT 2025"]
[Source "ChessBase"]
[SourceDate "2024.10.14"]
[SourceVersion "1"]
[SourceVersionDate "2024.10.14"]
[SourceQuality "1"]

1. d4 c5 2. d5 b5 3. e4 a6 4. c4 bxc4 5. Bxc4 d6 6. Nc3 Nf6 7. Bg5 Nbd7 8. Nf3 h6 9. Bf4 g5 10. Bd2 Bg7 11. Qe2 Ng4 12. 0-0 Nge5 13. Nxe5 Nxe5 14. Bb3 0-0 15. Kh1 Rb8 16. Rab1 f5 17. f4 gxf4 18. Bxf4 Qe8 19. Bc2 Qg6 20. b3 Ng4 21. Rf3 fxe4 22. Bxe4 Qh5 23. g3 Rb4 24. a3 Rxe4 25. Nxe4 Qxd5 26. h3 Bb7 27. Re1 Nf6 28. Kh2 Nxe4 29. Re3 Nc3 30. Qc2 e5 31. Bxh6 Bxh6 32. Rxc3 Qd2+ 33. Re2 Qxc2 34. Rexc2 Rf1 0-1

[Event "Asia-ch U18 Girls"]
[Site "Al Ain"]
[Date "2023.12.15"]
[Round "2"]
[White "Sneha, Halder"]
[Black "Nguyen, Thien Ngan"]
[Result "1/2-1/2"]
[WhiteElo "1766"]
[BlackElo "2015"]
[PlyCount "60"]
[EventDate "2023.12.14"]
[EventType "swiss"]
[EventRounds "9"]
[EventCountry "UAE"]
[SourceTitle "EXT 2025"]
[Source "ChessBase"]
[SourceDate "2024.10.14"]
[SourceVersion "1"]
[SourceVersionDate "2024.10.14"]
[SourceQuality "1"]

1. Nf3 Nf6 2. b3 d5 3. Bb2 c5 4. e3 Nc6 5. Be2 e6 6. Ne5 Bd6 7. Nxc6 bxc6 8. f4 Qe7 9. 0-0 e5 10. fxe5 Bxe5 11. Bxe5 Qxe5 12. Nc3 0-0 13. Bf3 h5 14. Na4 d4 15. Qe2 Bg4 16. Rae1 Rad8 17. d3 Bxf3 18. Qxf3 Ng4 19. Qf4 Qxf4 20. exf4 Ne3 21. Rf2 Rd5 22. Nc3 Nxc2 23. Rxc2 dxc3 24. Rxc3 Rfd8 25. Rec1 Rxd3 26. Rxd3 Rxd3 27. Rxc5 Rd1+ 28. Kf2 Rd2+ 29. Kf3 Rxa2 30. Rxc6 Ra3 1/2-1/2